| 000 | 01349nam a2200205 a 4500 | ||
|---|---|---|---|
| 008 | 180206e2003 ag ||||| |||| 00| p spa d | ||
| 020 | _a9506947007 | ||
| 041 | _aspa | ||
| 092 |
_c808.8 _l26 _sFON |
||
| 100 | 1 |
_aFonseca, Ricardo _93289 |
|
| 245 |
_aAnimal lingüístico. _bPoemas y canciones / _cRicardo Fonseca |
||
| 250 | _a1a ed. | ||
| 260 |
_aBuenos Aires: _bNuevo Hacer; _c2003. |
||
| 300 | _a351 p. | ||
| 500 | _aFonseca, R. (2003). Animal lingüístico. Poemas y canciones. (1a ed.). Buenos Aires : Nuevo Hacer. | ||
| 505 | _aAnimal lingüístico es una antología personal de poemas y canciones extraídos, robado del lenguaje común y alimentados de entrañables y numerosas voces de poetas y narradores/as latinoamericanos, facilitadores a su vez de ese intento inconcluso y quizá vano de querer decir lo indecible. De ese barrer en la oscuridad que supone el provocar y el ser provocado por las palabras para que expresen algo de lo mucho que silencian. Claro que el viento, el agua, el día, la noche, los sueños y ensueños, también pasan y transcurren por estos artefactos lingüísticos que, al contacto con sus posibles lectores, ojalá emitan mínimas señales de lo que, por acostumbradora complicidad, llamamos poesía. | ||
| 590 | _aDONACION MARIA VITARELLI DIC/2017. | ||
| 655 |
_aLiteratura _92917 |
||
| 942 |
_2ddc _cLIT |
||
| 999 |
_c2638 _d2638 |
||